| 000 | 00718cam a2200241 a 4500 | ||
|---|---|---|---|
| 001 | 2369825 | ||
| 005 | 20180126093604.0 | ||
| 008 | 850102s1985 nyu b 001 0 eng | ||
| 010 | _a 84026911 | ||
| 020 | _a0807727725 (pbk.) | ||
| 020 | _a0807727733 (hard) | ||
| 040 |
_aDLC _cDLC _dDLC |
||
| 041 | _aeng | ||
| 043 | _an-us--- | ||
| 080 | _a371.9046 BIK | ||
| 082 | 0 | 0 |
_a371.9046 BIK _219 |
| 100 | 1 | _a47 | |
| 101 | _aEDU | ||
| 245 | 1 | 0 |
_aAchieving the complete school : _cDouglas Biklen with Robert Bogdan ... [et al.] ; foreword by Burton Blatt. |
| 504 | _aBibliography: p. 189-195. | ||
| 906 |
_a7 _bcbc _corignew _d1 _eocip _f19 _gy-gencatlg |
||
| 942 |
_2ddc _cBK |
||
| 999 |
_c41055 _d41055 |
||